000 00995cam a2200241 i 4500
003 SA-RiAUC
005 20241208062317.0
008 241208s2003 su g 000 0 ara c
040 _aSA-RIMASH
_bara
_cSA-RiAUC
_erda
082 0 4 _a251.6
090 _a251.6
_bع ب د
100 1 _aالعبد اللطيف، عبد الرحمن بن صالح بن عبد الرحمن،
_d1363 هجري-
_eمؤلف.
245 1 2 _aالقواعد والضوابط الفقهية المتضمنة للتيسير /
_cعبد الرحمن بن صالح العبد اللطيف.
264 1 _aالمدينة المنورة :
_bالجامعة الإسلامية،
_c2003
300 _a2 مج ؛
_c24 سم
336 _aنص
_btxt
_2rdacontent
_3كتاب
337 _aبدون وسيط
_bn
_2rdamedia
338 _aمجلد
_bnc
_2rdacarrier
650 7 _aالقواعد الفقهية
_2aucsh
650 7 _aأصول الفقه الإسلامي
_2aucsh
942 _2ddc
_cBOOK
949 _aSA-JeALM
_d241208
_ukhaled123
_n1
999 _c3093
_d3093